| 000 | 00808nam a22002297a 4500 | ||
|---|---|---|---|
| 999 |
_c3106 _d3106 |
||
| 003 | AR-CdUCM | ||
| 008 | 190305b ||||| |||| 00| 0 spa d | ||
| 040 |
_aMUNICIPALIDAD PROVINCIAL DEL CUSCO _cBIBLIOTECA MUNICIPAL DEL CUSCO |
||
| 082 |
_a364.24 / _bE98 |
||
| 100 |
_aExner, Franz _910500 |
||
| 245 | _aBiología criminal en sus rasgos fundamentales / | ||
| 260 |
_aBarcelona : _bBosch, _c1957. |
||
| 300 |
_a471 paginas ; _c23 cm. |
||
| 505 | _a Disposición y mundo circundante -- El delito en la vida de la comunidad popular -- El autor -- El hecho ... | ||
| 650 |
_aCriminología _97441 |
||
| 650 |
_aAntropología criminal _910501 |
||
| 650 |
_aPsicología experimental _910502 |
||
| 650 |
_aBiología criminal _910503 |
||
| 700 |
_aRosal, Juan Del _910504 |
||
| 942 |
_2ddc _cLIBROS |
||
| 945 | _awnts | ||